<?xml version="1.0" encoding="UTF-8"?>
<collection xmlns="http://www.loc.gov/MARC21/slim">
  <record>
    <leader>00000nam  2200000   4500</leader>
    <controlfield tag="001">INLIS000000000018604</controlfield>
    <controlfield tag="005">20241129111100</controlfield>
    <datafield tag="035" ind1="#" ind2="#">
      <subfield code="a">0010-1124000270</subfield>
    </datafield>
    <controlfield tag="007">ta</controlfield>
    <controlfield tag="008">241129###########################0######</controlfield>
    <datafield tag="245" ind1="#" ind2="#">
      <subfield code="a">PEMILUM :</subfield>
      <subfield code="b">Penerapan Media Pembelajaran Interaktif Lumio /</subfield>
      <subfield code="c">Andita Nur Sakinah Lili Budi Arti, M.Pd</subfield>
    </datafield>
    <datafield tag="260" ind1="#" ind2="#">
      <subfield code="a">Makassar :</subfield>
      <subfield code="b">Puslatbang KMP RI LAN Makassar,</subfield>
      <subfield code="c">2024</subfield>
    </datafield>
    <datafield tag="300" ind1="#" ind2="#">
      <subfield code="a">60 ;</subfield>
      <subfield code="c">30</subfield>
    </datafield>
    <datafield tag="650" ind1="#" ind2="4">
      <subfield code="a">Platform digital yang memungkinkan pembelajaran interaktif, kolaboratif, dan berbasis teknologi</subfield>
    </datafield>
    <datafield tag="700" ind1=" " ind2="#">
      <subfield code="a">Prof. Dr. Abdulrasyid Tolangara, S.Sos., MPA (Mentor)</subfield>
    </datafield>
    <datafield tag="700" ind1=" " ind2="#">
      <subfield code="a">Zulchaidir, S.Sos., MPA (Coach)</subfield>
    </datafield>
    <datafield tag="520" ind1="#" ind2="#">
      <subfield code="a">Salah satu cara untuk membangun motivasi belajar mahasiswa pada materi fisiologi tumbuhan adalah dengan menciptakan pembelajaran yang menarik dan bermakna.Penggunaan media pembelajaran yang tepar akan membantu mahasiswa membangun pengetahuan dan pemahamannya secara mandiri yang secara tidak langsung dapat meningkatkan semangatdan motivasinya dalam belajar. Berdasarkan rumusan penetapan isu yang paling prioritas sesuai dengan SMART ASN dan Manajemen ASN. Dosen ASN yang menggunakan Lumio menunjukkan kemampuan teknologi yang canggih, yang menjadi salah satu kriteria Smart ASN. Lumio merupakan platform digital yang memungkinkan pembelajaran interaktif, kolaboratif, dan berbasis teknologi, sehingga penggunaannya meningkatkan kecakapan dosen dalam memanfaatkan teknologi untuk mendukung pendidikan. Sebagai bagian dari tugas dosen ASN yang berperan dalam pelayanan publik di sektor pendidikan, penerapan Lumio meningkatkan kualitas pendidikan yang diberikan kepada mahasiswa. Dosen yang menggunakan Lumio memberikan pelayanan pendidikan yang lebih interaktif dan adaptif, sesuai dengan prinsip berorientasi pelayanan dalam Manajemen ASN.&#13;
&#13;
Untuk pemecahan isu terkait kurangnya penerapan media pembelajaran kampus, ada beberapa gagasan kreatif yang bisa diterapkan, yaitu Lumio di&#13;
&#13;
1. Sosialisasi dan Pelatihan: Mengadakan pelatihan dan sosialisasi untuk dosen dan mahasiswa tentang penggunaan Lumio sebagai media pembelajaran interaktif. Hal ini akan membantu seluruh pihak memahami dan memanfaatkan fitur-fitur Lumio secara maksimal.&#13;
&#13;
2. Integrasi Lumio dalam Kurikulum: Media pembelajaran interaktif seperti Lumio dapat diintegrasikan ke dalam kurikulum berbagai mata kuliah, terutama yang memerlukan pemahaman konsep abstrak atau yang membutuhkan kolaborasi. . Pengembangan Inovasi dalam Proses Pembelajaran: Penerapan Lumio akan &#13;
3. memungkinkan mahasiswa untuk lebih terlibat secara aktif dan kolaboratif dalam pembelajaran, sehingga mereka dapat membangun pemahaman secara mandiri dan meningkatkan motivasi. &#13;
4. Penggunaan Fitur Interaktif. Lumio menyediakan fitur-fitur seperti kuis, polling, dan rugas interaktif yang dapat digunakan untuk mengevaluasi pemahaman mahasiswa secara real-time, sehingga memungkinkan adanya umpan balik instan dari dosen. &#13;
5. Optimalisasi Penggunaan Teknologi: Pemanfaatan gawai pribadi dan akses internet yang stabil menjadi hal penting untuk menunjang penggunaan Lumio. Ini bisa didukung dengan peningkatan infrastruktur teknologi di kampus.&#13;
6. Evaluasi dan Umpan Balik: Setelah penerapan Lumio, evaluasi berkala mengenai efektivitas media ini dalam meningkatkan pemahaman dan motivasi mahasiswa perlu dilakukan. Pengumpulan data melalui angket dan tes dapat memberikan insight untuk perbaikan berkelanjutan</subfield>
    </datafield>
    <datafield tag="856" ind1="#" ind2="#">
      <subfield code="a">PUSLATBANG KMP LAN RI Makassar</subfield>
    </datafield>
  </record>
</collection>
